| 000 | 01637nam a22002417a 4500 | ||
|---|---|---|---|
| 999 |
_c8242 _d8242 |
||
| 003 | AR-CdUCM | ||
| 008 | 190321b ||||| |||| 00| 0 spa d | ||
| 040 |
_aMUNICIPALIDAD PROVINCIAL DEL CUSCO _cBIBLIOTECA MUNICIPAL DEL CUSCO |
||
| 082 |
_a985.008 / _bC73 _21971 |
||
| 110 |
_aComisión nacional del Sesquicentenario de la Independencia del Perú _923195 |
||
| 245 |
_aLa acción patriótica del pueblo en la emancipación guerrillas y montoneras / _cInvestigación, recopilación y prologo por Ella Dumbar Temple |
||
| 260 |
_aLima : _bComisión nacional del Sesquicentenario de la Independencia del Perú, _c1971. |
||
| 300 |
_a6 volúmenes ; _c24 cm. |
||
| 440 |
_aColección documental de la independencia del Perú. _921856 |
||
| 505 | _aContenido: v.1. Documento. Cuadernillo de cuentas de Francisco de Paula Otero. Carta sin firma de Francisco de Paula. Resumen histórico de las operaciones realizadas en el Alto Perú contra insurgentes... -- v.2. Documento. Causa seguida por Tadeo Tellez por su separación de comandante de guerrillas de Huánuco... -- v.3. Documento. José Fernández Prada a Tomás Guido comunica haber llegado sin novedad y que los enemigos se han reunido en Jauja. v.4. Tadeo Téllez al comandante general de la Costa Sur Federico Brandsen ...v.5. Isidora Villar al Ministro de Guerra y Marina ... v.6. Jose María Fresco a Francisco de Paula Otero. | ||
| 650 |
_aPerú colecciones _921842 |
||
| 650 |
_aIndependencia peruana _923196 |
||
| 650 |
_aEmancipación peruana _915981 |
||
| 650 |
_aFuentes históricas _95903 |
||
| 700 |
_aDunbar Temple, Ella _923197 |
||
| 942 |
_2ddc _cLIBROS |
||
| 945 | _arac | ||